Halló, Szeged!

Elmentve itt :
Bibliográfiai részletek
Szerző: Lődi Ferenc
Dokumentumtípus: Cikk
Megjelent: 1972-05-05
Sorozat:Délmagyarország 62 No. 104
Kulcsszavak:posta
Online Access:http://dmarchiv.bibl.u-szeged.hu/110540
LEADER 00423nab a2200157 i 4500
001 delm110540
005 20190320130259.0
008 190320s1972 hu o 0|| hun d
040 |a SZTE Délmagyarország Archívum  |b hun 
041 |a hun 
100 1 |a Lődi Ferenc 
245 1 0 |a Halló, Szeged!  |h [elektronikus dokumentum] /  |c  Lődi Ferenc 
260 |c 1972-05-05 
300 |a 3 
490 0 |a Délmagyarország  |v 62 No. 104 
695 |a posta